000 01742nam0a22002651 4500
001 rc\4869170
005 20260407132930.0
021 _aRU
_b[64-74565]
035 _a(NLR Aleph) 008909645
090 _a8755354
_c8755354
100 _a20130426d1964 |||y0rusy50 ca
101 0 _arus
102 _aRU
105 _ay z |||||
200 1 _aРешение Научно-производственного совещания по вопросу улучшения бухгалтерского учета и калькулирования себестоимости в строительстве. 26 июня 1964 г.
_fЛенингр. обл. совет науч.-техн. обществ. Гл. упр. по строительству в Ленингр. и Мурман. экон. районах "Главзапстрой". Ленингр. фин.-экон. ин-т им. Н.А. Вознесенского. Гл. упр. по жил., гражд. и пром. строительству г. Ленинграда "Главленинградстрой"
210 _aЛенинград
_cБ. и.
_d1964
215 _a6 с.
_d20
606 _aСтроительные организации
_xУчет и отчетность
_2psbo
606 _aБухгалтерский учет в строительстве
_2psbo
710 1 2 _aНаучно-производственное совещание по вопросу улучшения бухгалтерского учета и калькулирования себестоимости в строительстве
_f1964
_eЛенинград
_3RU\NLR\AUTH\8810079233
_9660623
801 0 _aRU
_bNLR
_gpsbo
801 1 _aRU
_bELAR
_2rusmarc
852 _aNLR
_j64-4/17307
942 _cBOOK
980 _aNB